Shawn Johnson Trivia! - Statistics

General Stats
  • This quiz has been taken 76 times
    73 since last reset
  • The average score is 11 of 20
Answer Stats
Question Answer % Correct
In what year did Shawn qualify to the Junior International Elite level of gymnastics? 2005
91%
How many total Olympic medals has Shawn won? Four
89%
How many siblings does Shawn have? Zero
83%
While at the 2008 Beijing Olympics, who was Shawn's roommate? Nastia Liukin
82%
Shawn won her only Olympic gold medal while battling a bout of the flu--which apparatus did she win? Balance Beam
78%
At the 2011 Pan American Games, during her comeback, Shawn ironically medalled on which typically weak event? Uneven Bars
78%
Shawn officially announced her retirement in what month of 2012? June
77%
What is the name of the gym Shawn trained at during her Olympic efforts? Chow's
69%
What city is Shawn's hometown? Des Moines, Iowa
69%
How did Shawn tear her ACL? Skiing
66%
At the height of her career in 2008, Shawn was how tall? Four feet Nine inches
63%
Shawn has competed on two season's of the show "Dancing With the Stars". Name her partner during the eighth season. Mark Ballas
48%
What is Shawn's middle name? Machel
42%
Shawn plans to attend college in 2013. Name one of the two schools she is hoping to attend. Vanderbilt or Stanford
42%
What is the title of Shawn's most recent book? Winning Balance
31%
What cereal box was Shawn featured on in 2009? Cheerios
29%
Shawn Johnson's floor exercise music at the 2008 Olympics was from which movie? "August Rush"
26%
On what popular ABC Family TV show has Shawn made two appearances? The Secret Life of the American Teenager
26%
In 2009, what popular magazine named Shawn "America's Most-Liked Sports Figure"? Forbes
15%
Shawn has said she is very close to this fellow gymnast, who now competes for the University of Nebraska. Jessie DeZiel
5%
No matching quizzes found
Score Distribution
Percent of People with Each Score
Percentile by Number Answered
Your Score History
You have not taken this quiz since the last reset